Instrumente der Qualitätssicherung in der Pflegeversicherung: insbesondere zum Qualitätsausschuss nach § 113b SGB XI

Saved in:
Bibliographic Details
Main Author: Axer, Peter (Author)
Format: Article (Journal)
Language:German
Published: 2016
In: Sozialrecht aktuell. Sonderheft ...
Year: 2016, Volume: 20, Pages: 34-42
Online Access: Get full text
Author Notes:Prof. Dr. Peter Axer, Heidelberg

MARC

LEADER 00000caa a2200000 c 4500
001 1647614821
003 DE-627
005 20230710085447.0
007 tu
008 161104s2016 xx ||||| 00| ||ger c
035 |a (DE-627)1647614821 
035 |a (DE-576)479388202 
035 |a (DE-599)BSZ479388202 
035 |a (OCoLC)1389735671 
040 |a DE-627  |b ger  |c DE-627  |e rda 
041 |a ger 
084 |a 19  |2 sdnb 
100 1 |a Axer, Peter  |d 1965-  |e VerfasserIn  |0 (DE-588)121837645  |0 (DE-627)081567413  |0 (DE-576)171421752  |4 aut 
245 1 0 |a Instrumente der Qualitätssicherung in der Pflegeversicherung  |b insbesondere zum Qualitätsausschuss nach § 113b SGB XI  |c Prof. Dr. Peter Axer, Heidelberg 
264 1 |c 2016 
300 |a 9 
336 |a Text  |b txt  |2 rdacontent 
337 |a ohne Hilfsmittel zu benutzen  |b n  |2 rdamedia 
338 |a Band  |b nc  |2 rdacarrier 
773 0 8 |i Enthalten in  |t Sozialrecht aktuell. Sonderheft ...  |d Baden-Baden : Nomos Verlagsgesellschaft mbH & Co. KG, 2013  |g 20(2016), Sonderh., Seite 34-42  |h Bände  |w (DE-627)898644801  |w (DE-600)2907117-3  |w (DE-576)493992065  |7 nnas  |a Instrumente der Qualitätssicherung in der Pflegeversicherung insbesondere zum Qualitätsausschuss nach § 113b SGB XI 
773 1 8 |g volume:20  |g year:2016  |g supplement:Sonderh.  |g pages:34-42  |g extent:9  |a Instrumente der Qualitätssicherung in der Pflegeversicherung insbesondere zum Qualitätsausschuss nach § 113b SGB XI 
951 |a AR 
992 |a 20220929 
993 |a Article 
994 |a 2016 
998 |g 121837645  |a Axer, Peter  |m 121837645:Axer, Peter  |d 20000  |d 20700  |e 20000PA121837645  |e 20700PA121837645  |k 0/20000/  |k 1/20000/20700/  |p 1  |x j  |y j 
999 |a KXP-PPN1647614821  |e 4193479005 
BIB |a Y 
SER |a journal 
JSO |a {"id":{"eki":["1647614821"]},"physDesc":[{"extent":"9 S."}],"name":{"displayForm":["Prof. Dr. Peter Axer, Heidelberg"]},"language":["ger"],"type":{"bibl":"article-journal"},"person":[{"family":"Axer","display":"Axer, Peter","given":"Peter","role":"aut"}],"origin":[{"dateIssuedDisp":"2016","dateIssuedKey":"2016"}],"title":[{"title_sort":"Instrumente der Qualitätssicherung in der Pflegeversicherung","title":"Instrumente der Qualitätssicherung in der Pflegeversicherung","subtitle":"insbesondere zum Qualitätsausschuss nach § 113b SGB XI"}],"relHost":[{"language":["ger"],"physDesc":[{"extent":"Bände","noteFormat":"30 cm"}],"part":{"pages":"34-42","year":"2016","volume":"20","text":"20(2016), Sonderh., Seite 34-42","extent":"9"},"title":[{"title_sort":"Sozialrecht aktuell","partname":"Sonderheft ...","title":"Sozialrecht aktuell","subtitle":"Zeitschrift für Sozialberatung"}],"name":{"displayForm":["Herausgeber Caritasverband für die Diözese Münster e. V."]},"pubHistory":["2013-"],"disp":"Instrumente der Qualitätssicherung in der Pflegeversicherung insbesondere zum Qualitätsausschuss nach § 113b SGB XISozialrecht aktuell. Sonderheft ...","id":{"zdb":["2907117-3"],"eki":["898644801"]},"recId":"898644801","type":{"bibl":"periodical"},"origin":[{"publisherPlace":"Baden-Baden","dateIssuedDisp":"[2013]-","publisher":"Nomos Verlagsgesellschaft mbH & Co. KG"}]}],"recId":"1647614821"} 
SRT |a AXERPETERINSTRUMENT2016